| 000 | 01047nam a2200289 i 4500 | ||
|---|---|---|---|
| 001 | 99645 | ||
| 003 | ES-MaACL | ||
| 005 | 20250801063029.0 | ||
| 007 | t| | ||
| 008 | 050914s1965 sp ||||1| spa d | ||
| 080 | _a394.2(460.111.2) | ||
| 080 | _a394.4(460.111.2) | ||
| 080 | _a398.332(460.111.2) | ||
| 100 | 1 |
_aMartínez-Barbeito, Carlos, _d1913-1997 _eaut _977884 |
|
| 245 | 1 | 4 |
_aLas reales proclamaciones en La Coruña durante el siglo XVIII / _cCarlos Martínez-Barbeito |
| 260 |
_aLa Coruña : _bMoret, _c1965 |
||
| 300 |
_a27 hojas ; _c22 cm |
||
| 500 | _aTirada aparte de: Revista del Instituto "José Cornide" de Estudios Coruñeses, año I, 1965, p. 11-63 | ||
| 650 | 7 |
_aFiestas- _zLa Coruña _9157716 |
|
| 651 | 4 |
_aEspaña- _xReyes y soberanos _98492 |
|
| 710 | 2 |
_aInstituto "José Cornide" de Estudios Coruñeses _eisb _95109 |
|
| 852 |
_aES-MaACL _bR.83963 _cDEPO2 _jC-45176 |
||
| 852 |
_aES-MaACL _jC-29070 _bR.59477 |
||
| 942 |
_2udc _cMONOGRAFIA _n0 |
||
| 999 |
_c99645 _d99645 |
||